书目信息 |
| 题名: |
清俗纪闻
|
|
| 作者: | 中川忠英 编 ;方克 , 孙玄龄 译 | |
| 分册: | ||
| 出版信息: | 北京 中华书局 2006 |
|
| 页数: | 35,568页 | |
| 开本: | 26cm | |
| 丛书名: | ||
| 单 册: | ||
| 中图分类: | K249.306 | |
| 科图分类: | ||
| 主题词: | 乾隆(1736~1795)--历史--史料 , 历史 , 乾隆(1736~1795) | |
| 电子资源: | ||
| ISBN: | 7-101-05119-7 | |
| 000 | 00926nam0 2200265 450 | |
| 001 | 003304969 | |
| 005 | 20070805181256.89 | |
| 010 | @a7-101-05119-7@dCNY72.00 | |
| 100 | @a20060104d2006 em y0chiy0110 ea | |
| 101 | 1 | @achi@cjpn |
| 102 | @aCN@b110000 | |
| 105 | @aa z 000yy | |
| 200 | 1 | @a清俗纪闻@9qing su ji wen@f(日)中川忠英编著@g方克,孙玄龄译 |
| 210 | @a北京@c中华书局@d2006 | |
| 215 | @a35,568页@c图@d26cm | |
| 330 | @a本书是二百年前日本出版的关于清代乾隆时期中国江、浙、闽一带民间传统习俗及社会情况的一部调查纪录,内容涉及到了社会习俗、礼仪、教育、宗教等各个方面。 | |
| 606 | 0 | @a乾隆(1736~1795)@x历史@j史料 |
| 606 | 0 | @a历史 |
| 606 | 0 | @a乾隆(1736~1795) |
| 690 | @aK249.306@v4 | |
| 701 | 0 | @c(日)@a中川忠英@9zhong chuan zhong ying@f(1753~1830)@4编 |
| 702 | 0 | @a方克@9fang ke@f(1917~)@4译 |
| 702 | 0 | @a孙玄龄@9sun xuan ling@f(1944~)@4译 |
| 801 | 0 | @aCN@bNLC@c20070805 |
| 905 | @a10447@dK249.306@e91 | |
| 清俗纪闻/(日)中川忠英编著/方克,孙玄龄译.-北京:中华书局,2006 |
| 35,568页:图;26cm |
| ISBN 7-101-05119-7:CNY72.00 |
| 本书是二百年前日本出版的关于清代乾隆时期中国江、浙、闽一带民间传统习俗及社会情况的一部调查纪录,内容涉及到了社会习俗、礼仪、教育、宗教等各个方面。 |
| ● |
| 相关链接 |
|
|
|
|
正题名:清俗纪闻
索取号:K249.306/91
 
预约/预借
| 序号 | 登录号 | 条形码 | 馆藏地/架位号 | 状态 | 备注 |
| 1 | 0806232 | 208062326 | 第二样本阅览室/ [索取号:K249.306/91] | 在馆 | |
| 2 | 0806233 | 208062335 | 第二借阅区/ [索取号:K249.306/91] | 在馆 | |
| 3 | 0806234 | 208062344 | 第二借阅区/ [索取号:K249.306/91] | 在馆 | |
| 4 | 0806235 | 208062353 | 第二借阅区/ [索取号:K249.306/91] | 在馆 | |
| 5 | 0806236 | 208062362 | 第二借阅区/ [索取号:K249.306/91] | 在馆 | |
| 6 | 0806237 | 208062371 | 第二借阅区/ [索取号:K249.306/91] | 在馆 | |
| 7 | 0806238 | 208062380 | 第二借阅区/ [索取号:K249.306/91] | 在馆 | |
| 8 | 0806239 | 208062399 | 第二借阅区/ [索取号:K249.306/91] | 在馆 |